| 000 | 00904cam a2200217 4500 | ||
|---|---|---|---|
| 001 | WB3726-03 | ||
| 008 | 000000n2001 000 0 eng u | ||
| 035 | _a(Sirsi) u113443 | ||
| 245 | _aSurvey taps into innovation | ||
| 260 | _c2001 | ||
| 490 |
_aBuilding Design _v 29 June 2001, 3(1) |
||
| 520 | _aResearch sponsored by government is being launched to establish the source of technical innovation in the construction industry. Data will be collected by means of a questionnaire which will gather opinion from a cross-section of the industry with detailed interviews supplementing the information. The questionnaire can be answered online at http://www.ticonline.co.uk. | ||
| 590 | _aWB | ||
| 650 | _aCONSTRUCTION INDUSTRY | ||
| 650 | _aTECHNICAL INFORMATION | ||
| 650 | _aRESEARCH PROJECT | ||
| 650 | _aQUESTIONNAIRE | ||
| 650 | _aINNOVATION | ||
| 690 | _aBUILT ENVIRONMENT | ||
| 942 | _n0 | ||
| 999 |
_c67589 _d67589 |
||